00342nam a2200121Ia 450000500170000000800410001708200130005824500200007126000450009130000130013650000510014970000200020020250429073103.0240331s9999 xx 000 0 und d a294bNAA 0aNaatar samygal  aKodampagambThannaanne Pathippagamc2002 a158 p ., aNaataar saamikal Thodarbana vivara katooraigal aArazuu.V. eedt